| 000 | 01390nam a2200469 a 4500 | ||
|---|---|---|---|
| 005 | 20140412111354.0 | ||
| 008 | 041006s19uu xx 00 eng d | ||
| 020 | _a0-02-830951-0 | ||
| 050 |
_aTR(GS 372.4 _bB35 L.1-B-1 c1 |
||
| 050 |
_aTR(GS 372.4 _bB35 L.1-B-1 c2 |
||
| 050 |
_aTR(GS 372.4 _bB35 L.1-B-1 c3 |
||
| 050 |
_aTR(GS 372.4 _bB35 L.1-B-1 c4 |
||
| 050 |
_aTR(GS 372.4 _bB35 L.1-B-1 c5 |
||
| 050 |
_aTR(GS 372.4 _bB35 L.1-B-1 c6 |
||
| 050 |
_aTR(GS 372.4 _bB35 L.1-B-1 c7 |
||
| 050 |
_aTR(GS 372.4 _bB35 L.1-B-1 c8 |
||
| 050 |
_aTR(GS 372.4 _bB35 L.1-B-1 c9 |
||
| 050 |
_aTR(GS 372.4 _bB35 L.1-B-1 c10 |
||
| 050 |
_aTR(GS 372.4 _bB35 L.1-B-1 c11 |
||
| 050 |
_aTR(GS 372.4 _bB35 L.1-B-1 c12 |
||
| 050 |
_aTR(GS 372.4 _bB35 L.1-B-1 c13 |
||
| 245 | _aSRA open court reading (orange),L.1-B.2. | ||
| 260 |
_aColumbus, Ohio : _bSRA McGraw-Hill Comp, _c2000. |
||
| 300 | _a323 p. ; ill. | ||
| 440 | _aSRA open court reading, Orange | ||
| 500 | _aClassroom Use Only (Grade 1). | ||
| 520 | _a[1]. Keep trying. -- [2]. Being afraid. -- [3]. Homes. | ||
| 650 |
_aReading _xStudy and teaching. |
||
| 999 |
_c105385 _d105385 |
||